书目信息 |
| 题名: |
总统的魅力
|
|
| 作者: | 弗兰德·I.格林斯顿 著 ;董广才 译 | |
| 分册: | ||
| 出版信息: | 哈尔滨 北方文艺出版社 2005 |
|
| 页数: | 322页 | |
| 开本: | 20cm | |
| 丛书名: | ||
| 单 册: | ||
| 中图分类: | K837.127=52 | |
| 科图分类: | ||
| 主题词: | 历史 , 地理 | |
| 电子资源: | ||
| ISBN: | 7-5317-1501-5 | |
| 000 | 00896nam0 2200241 450 | |
| 001 | 0741063052 | |
| 005 | 20070730143050.85 | |
| 010 | @a7-5317-1501-5@dCNY26.50 | |
| 100 | @a20070729d2005 km y0chiy0120 ea | |
| 101 | 0 | @achi |
| 102 | @aCN@b230000 | |
| 200 | 1 | @a总统的魅力@Azong tong de mei li@e从罗斯福到克林顿的领袖风格@f(美)弗兰德·I.格林斯顿(Fred I. Greenstein)著@F(mei)fu lan de·I.ge lin si dun(Fred I.Greenstein)zhu@g董广才等译@Gdong guang cai deng yi |
| 205 | @a2版 | |
| 210 | @a哈尔滨@c北方文艺出版社@d2005 | |
| 215 | @a322页@d20cm | |
| 517 | 1 | @a从罗斯福到克林顿的领袖风格@Acong luo si fu dao ke lin dun de ling xiu feng ge |
| 606 | 0 | @a历史 |
| 606 | 0 | @a地理 |
| 690 | @aK837.127=52@v3 | |
| 701 | 0 | @a弗兰德·I.格林斯顿@Afu lan de·I.ge lin si dun@bFredI.Greenstein@4著 |
| 702 | 0 | @a董广才@Adong guang cai@4译 |
| 801 | 0 | @aCN@bPFT@c20070730 |
| 905 | @a10447@dK837.127=52@e620=2 | |
| 总统的魅力:从罗斯福到克林顿的领袖风格/(美)弗兰德·I.格林斯顿(Fred I. Greenstein)著/董广才等译.-2版.-哈尔滨:北方文艺出版社,2005 |
| 322页;20cm |
| ISBN 7-5317-1501-5:CNY26.50 |
| ● |
| 相关链接 |
|
|
|
|
正题名:总统的魅力
索取号:K837.127=52/620=2
 
预约/预借
| 序号 | 登录号 | 条形码 | 馆藏地/架位号 | 状态 | 备注 |
| 1 | 0787626 | 207876262 | 第二样本阅览室/ [索取号:K837.127=52/620=2] | 在馆 |